000 00810nam a2200277 c 4500
999 _c343418
_d343418
003 BLK
005 20190930161000.0
008 180911b bul|||||r ||||||| ||bul||
010 _a003079
040 _aBLK
041 _aDEU
_cBUL
080 _z830.09
100 1 _aBORINSKI, Karl
_eпърви автор
_9397349
245 0 0 _aDeutsche Poetik
250 _a3. Aufl
260 _aLeipzig
_bG. J. Goschen
_c1906
300 _a164 с
_c15 см
380 _a82
490 _aSammlung Goschen
490 _aЧастна колекция - Академик Михаил Арнаудов
_gДарение - Основен фонд
500 _aМихаил Арнаудов: подпис
520 _a
655 _aЛитературознание
_9396446
852 _aМА 684
_bМА
942 _cKNG
_n0
_s1
944 _aCR
_c1995
_kValK
999 _d343418